|
|
|
|
| LEADER |
00931nam a2200253 a 4500 |
| 001 |
1951821 |
| 008 |
100126s1987 dcua b 000 0 eng d |
| 010 |
|
|
|a \\\87051349
|
| 020 |
|
|
|a 0915825260 (pbk.) :
|c $10.00
|
| 040 |
|
|
|a DLC
|c DLC
|d DLC
|d BD-DhAAL
|
| 082 |
0 |
0 |
|a 333.79
|2 19
|
| 100 |
1 |
|
|a Kosmo, Mark Nicholas.
|
| 245 |
1 |
0 |
|a Money to burn? :
|b the high costs of energy subsidies /
|c Mark Kosmo.
|
| 260 |
|
|
|a Washington, DC, USA :
|b World Resources Institute,
|c c1987.
|
| 300 |
|
|
|a v, 68 p. :
|b ill. ;
|c 26 cm.
|
| 490 |
0 |
|
|a World Resources Institute report,
|x 0880-2582
|
| 500 |
|
|
|a "October 1987."
|
| 504 |
|
|
|a Bibliography: p. 65-68.
|
| 541 |
1 |
|
|e 00006495
|
| 650 |
|
0 |
|a Energy policy.
|
| 650 |
|
0 |
|a Subsidies.
|
| 852 |
4 |
|
|a Ayesha Abed Library
|j General shelf
|
| 999 |
|
|
|c 7217
|d 7217
|
| 952 |
|
|
|0 0
|1 0
|2 ddc
|4 0
|6 333_790000000000000_COS_1987
|7 0
|9 7512
|a BRACUL
|b BRACUL
|c GEN
|d 2010-01-27
|l 0
|o 333.79 COS
|p 3010006495
|r 2010-01-27
|t 1
|w 2010-01-27
|y BK
|